[Event "CFriend SL-2003-0-00008 email"]
[Site "Chessfriend.com"]
[Date "2003.05.13"]
[Round "?"]
[White "Zivkovic, Igor"]
[Black "Foley, Jeffrey"]
[Result "0-1"]
[WhiteElo "1030"]
[BlackElo "662"]
[PlyCount "22"]
[EventDate "2003.05.13"]
[EventType "tourn (corr)"]
[EventRounds "12"]
[SourceTitle "Corr 2008"]
[Source "ChessBase"]
[SourceDate "2008.06.24"]
[SourceVersion "1"]
[SourceVersionDate "2008.06.24"]
[SourceQuality "1"]

1. d4 Nf6 2. c4 e6 3. Nc3 Bb4 4. e3 0-0 5. Nge2 d5 6. a3 Be7 7. Nf4 Nbd7 8. cxd5 Nb6 9. dxe6 fxe6 10. Bd3 c6 11. 0-0 Nbd5 0-1

[Event "CFriend SL-2003-0-00008 email"]
[Site "Chessfriend.com"]
[Date "2003.05.13"]
[Round "1"]
[White "Zivkovic, Igor"]
[Black "Slavin, Pablo"]
[Result "0-1"]
[WhiteElo "1030"]
[BlackElo "1336"]
[PlyCount "57"]
[EventDate "2003.05.13"]
[EventType "tourn (corr)"]
[EventRounds "12"]
[SourceTitle "Corr 2024"]
[Source "ChessBase"]
[SourceDate "2023.10.19"]
[SourceVersion "1"]
[SourceVersionDate "2023.10.19"]
[SourceQuality "1"]

1. d4 e6 2. c4 Nf6 3. Nc3 c5 4. d5 exd5 5. cxd5 d6 6. Nf3 g6 7. g3 Bg7 8. Bg2 0-0 9. 0-0 Re8 10. Nd2 Na6 11. Nc4 Bf5 12. Nb5 Bf8 13. Bf4 Nc7 14. Nbxd6 Bxd6 15. Nxd6 Nh5 16. Nxe8 Nxe8 17. Be3 Qd6 18. Qc1 Rc8 19. Rd1 Nhf6 20. Bf4 Qd7 21. f3 Bh3 22. e4 Nh5 23. Be3 b6 24. e5 Bxg2 25. Kxg2 f5 26. Qc4 b5 27. Qc3 c4 28. Qd4 a6 29. Bh6 0-1

[Event "IECG CN.2003.0.00317 email"]
[Site "IECG email"]
[Date "2003.01.07"]
[Round "?"]
[White "Ong, Allan C"]
[Black "Zivkovic, Igor"]
[Result "0-1"]
[WhiteElo "958"]
[BlackElo "800"]
[PlyCount "58"]
[EventDate "2003.01.07"]
[EventType "tourn (corr)"]
[EventRounds "6"]
[SourceTitle "Corr 2008"]
[Source "ChessBase"]
[SourceDate "2008.06.24"]
[SourceVersion "1"]
[SourceVersionDate "2008.06.24"]
[SourceQuality "1"]

1. d4 g6 2. Nc3 Bg7 3. e4 c6 4. Bc4 b5 5. Bb3 a5 6. a3 d6 7. Nf3 Nf6 8. e5 dxe5 9. Nxe5 0-0 10. 0-0 a4 11. Bxf7+ Rxf7 12. Nxf7 Kxf7 13. Bf4 Bg4 14. Qd2 Nh5 15. Be3 e5 16. d5 cxd5 17. Nxb5 d4 18. h3 Bf5 19. g4 Qd7 20. Bg5 Qxb5 21. gxf5 gxf5 22. Qd3 Qxd3 23. cxd3 e4 24. dxe4 fxe4 25. Rfe1 Kg6 26. h4 h6 27. Be7 Kf5 28. Rac1 Nd7 29. Rc4 Ne5 0-1

[Event "IECG CN.2003.0.00317 email"]
[Site "IECG email"]
[Date "2003.01.07"]
[Round "?"]
[White "Zivkovic, Igor"]
[Black "Ardali, Fehmi"]
[Result "1-0"]
[WhiteElo "800"]
[BlackElo "800"]
[PlyCount "41"]
[EventDate "2003.01.07"]
[EventType "tourn (corr)"]
[EventRounds "6"]
[SourceTitle "Corr 2008"]
[Source "ChessBase"]
[SourceDate "2008.06.24"]
[SourceVersion "1"]
[SourceVersionDate "2008.06.24"]
[SourceQuality "1"]

1. c4 e5 2. d4 exd4 3. Qxd4 Nf6 4. Nf3 Bb4+ 5. Bd2 Nc6 6. Qe3+ Qe7 7. Qxe7+ Bxe7 8. Nc3 0-0 9. e3 d6 10. Nb5 Bd8 11. Bd3 Re8 12. 0-0 Ne4 13. Rac1 Nxd2 14. Nxd2 a6 15. Nc3 Ne5 16. Bc2 c6 17. Rfd1 Bg4 18. f3 Be6 19. b3 Bb6 20. Nf1 Bxe3+ 21. Nxe3 1-0